Statystyki dla Czy rozpoznasz stadiony po zdjęciach?

Kliknij tutaj aby rozwiązać quiz!

Ogólne statystyki

  • Ten quiz został rozwiązany 96 razy
    (81 od ostatniego zresetowania)
  • Średni wynik to 7 z 10

Statystyki odpowiedzi

Odpowiedź% Poprawnych
Camp Nou
98%
Allianz Arena
95%
Old Trafford
84%
Allianz Stadium
83%
Etihad Stadium
81%
PGE Narodowy
78%
Santiago Bernabeu
76%
Goodison Park
39%
Johan Cruyff Arena
29%
Estadi Cornellà-El Prat
5%

Rozkład punktacji

Percentyl według liczby udzielonych odpowiedzi

Procent ludzi z każdym wynikiem

Twoja historia wyników

Nie rozwiązałeś tego quizu od ostatniego zresetowania